Amortizaciones de bienes de uso. El factor obsolescencia (Registro nro. 13253)
[ vista simple ]
| 000 -LEADER | |
|---|---|
| fixed length control field | 00339 a2200109 4500 |
| 001 - CONTROL NUMBER | |
| control field | ART_8389 |
| 005 - DATE AND TIME OF LATEST TRANSACTION | |
| control field | 20260410161640.0 |
| 008 - FIXED-LENGTH DATA ELEMENTS--GENERAL INFORMATION | |
| fixed length control field | 260409a |
| 100 1# - MAIN ENTRY--PERSONAL NAME | |
| Personal name | Bechara, Fabián |
| 245 10 - TITLE STATEMENT | |
| Title | Amortizaciones de bienes de uso. El factor obsolescencia |
| 773 0# - HOST ITEM ENTRY | |
| Title | Consultor tributario |
| Related parts | - Vol. 3, Nº 36 (feb. 2010) |
| Record control number | REV474 |
No hay ítems disponibles.